Principal of Economics (Record no. 2484)

MARC details
000 -LEADER
fixed length control field 00387nam a2200157Ia 4500
008 - FIXED-LENGTH DATA ELEMENTS--GENERAL INFORMATION
fixed length control field 230312s9999||||xx |||||||||||||| ||und||
020 ## - INTERNATIONAL STANDARD BOOK NUMBER
International Standard Book Number 0-07-120213-7
082 ## - DEWEY DECIMAL CLASSIFICATION NUMBER
Classification number 330
Item number FRA
100 ## - MAIN ENTRY--PERSONAL NAME
Personal name Frank, Robert
245 #0 - TITLE STATEMENT
Title Principal of Economics
260 ## - PUBLICATION, DISTRIBUTION, ETC.
Name of publisher, distributor, etc. Mc Graw Hill
Place of publication, distribution, etc. London
Date of publication, distribution, etc. 2001
300 ## - PHYSICAL DESCRIPTION
Extent 835
546 ## - LANGUAGE NOTE
Language note Eng.
650 ## - SUBJECT ADDED ENTRY--TOPICAL TERM
Topical term or geographic name entry element Economics
Form subdivision thinking like an economist
942 ## - ADDED ENTRY ELEMENTS (KOHA)
Koha item type BOOK

No items available.

Powered by Koha